Countries That Smoke The Most Cigarettes Quiz - Statistics

General Stats
  • This quiz has been taken 187 times
  • The average score is 4 of 10
Answer Stats
(%) Country % Correct
48.3 Russia
88%
51.7 Greece
62%
43.3 Ukraine
59%
42.3 Serbia
54%
42.4 Belarus
51%
42.2 Bosnia and Herzegovina
38%
43.3 Austria
22%
58.6 North Korea
12%
49.3 Nauru
7%
40.9 Samoa
5%
No matching quizzes found
Score Distribution
Percent of People with Each Score
Percentile by Number Answered
Your Score History
You have not taken this quiz